[Event "Isle of Wight op"]
[Site "Ryde"]
[Date "2025.02.20"]
[Round "4"]
[White "Smith, Steve"]
[Black "Lukhi, Neev"]
[Result "1/2-1/2"]
[WhiteElo "1867"]
[BlackElo "1963"]
[PlyCount "76"]
[EventDate "2025.02.18"]
[EventType "swiss"]
[EventRounds "9"]
[EventCountry "ENG"]
[SourceTitle "CB09_2025"]
[SourceDate "2025.02.27"]
[SourceVersion "1"]
[SourceVersionDate "2025.02.27"]
[SourceQuality "1"]

1. e4 e6 2. d4 d5 3. e5 c5 4. c3 Nc6 5. Nf3 Qb6 6. a3 c4 7. Nbd2 Bd7 8. Be2 Na5 9. 0-0 Ne7 10. g3 h6 11. Nh4 0-0-0 12. Ng2 g6 13. Ne3 Bg7 14. Bg4 f5 15. exf6 Bxf6 16. Bh3 h5 17. Bg2 g5 18. h3 Bc6 19. Qe2 Ng6 20. Nc2 Bd7 21. Rb1 Nb3 22. Nxb3 cxb3 23. Ne1 Bb5 24. Nd3 e5 25. Qf3 Bxd3 26. Qxd3 e4 27. Qe2 Kb8 28. Be3 Ka8 29. f3 exf3 30. Qxf3 Be7 31. Rbe1 Qd6 32. Bf2 h4 33. g4 Nf4 34. Qd1 Rhf8 35. Qd2 Qf6 36. Be3 Bd6 37. Bf2 Be7 38. Bf3 Qd6 1/2-1/2

[Event "Glasgow op"]
[Site "Glasgow"]
[Date "2023.11.05"]
[Round "4"]
[White "Berg, Jan"]
[Black "Lukhi, Neev"]
[Result "0-1"]
[WhiteElo "1785"]
[BlackElo "1580"]
[PlyCount "140"]
[EventDate "2023.11.03"]
[EventType "swiss"]
[EventRounds "5"]
[EventCountry "SCO"]
[SourceTitle "CBM 217 Extra"]
[Source "ChessBase"]
[SourceDate "2024.01.31"]
[SourceVersion "1"]
[SourceVersionDate "2024.01.31"]
[SourceQuality "1"]

1. e4 e6 2. d4 d5 3. Nd2 dxe4 4. Nxe4 Nd7 5. Nf3 Ngf6 6. Bd3 Nxe4 7. Bxe4 Nf6 8. Bd3 c5 9. c3 cxd4 10. Nxd4 Bc5 11. Nb3 Bb6 12. 0-0 h6 13. Qf3 0-0 14. Rd1 Qe7 15. h3 e5 16. Re1 Qd6 17. Nd2 Rd8 18. Bc2 Bc7 19. Nc4 Qc5 20. b3 e4 21. Qe3 Qxe3 22. Bxe3 b5 23. Nd2 Bf5 24. Bd4 Bb6 25. Nxe4 Bxd4 26. cxd4 Bxe4 27. Bxe4 Rac8 28. Rad1 b4 29. Bd3 Nd5 30. Bc4 Nc3 31. Rd2 Re8 32. Re3 Rxe3 33. fxe3 Re8 34. Rd3 Nxa2 35. d5 Nc3 36. d6 Rd8 37. Rd4 Kf8 38. e4 f6 39. Kf2 Rxd6 40. Ke3 Nd1+ 41. Kd3 Ke7 42. Bd5 a5 43. Kc4 Nc3 44. Kc5 h5 45. h4 g5 46. hxg5 fxg5 47. Rd3 g4 48. g3 Ne2 49. Re3 Nc3 50. Rd3 Rd8 51. Kb6 Nxd5+ 52. exd5 Kd6 53. Kxa5 Kc5 54. Ka6 Rxd5 55. Re3 Kd4 56. Re7 Kc3 57. Re3+ Rd3 58. Re5 Kxb3 59. Rxh5 Rxg3 60. Ka5 Kc4 61. Rf5 Ra3+ 62. Kb6 Rf3 63. Rc5+ Kd4 64. Kb5 g3 65. Rg5 Ke3 66. Kxb4 Kf2 67. Rd5 g2 68. Rd2+ Kg3 69. Rd1 Kh2 70. Rd2 Kh1 0-1

[Event "Glasgow op"]
[Site "Glasgow"]
[Date "2023.11.05"]
[Round "5"]
[White "Lukhi, Neev"]
[Black "Chisholm, Mike"]
[Result "1/2-1/2"]
[WhiteElo "1580"]
[BlackElo "1917"]
[PlyCount "87"]
[EventDate "2023.11.03"]
[EventType "swiss"]
[EventRounds "5"]
[EventCountry "SCO"]
[SourceTitle "CBM 217 Extra"]
[Source "ChessBase"]
[SourceDate "2024.01.31"]
[SourceVersion "1"]
[SourceVersionDate "2024.01.31"]
[SourceQuality "1"]

1. d4 Nf6 2. Bf4 g6 3. Nc3 d5 4. Qd2 Bg7 5. e3 0-0 6. h4 c5 7. Be2 h6 8. Nf3 Nc6 9. 0-0-0 Bf5 10. dxc5 Qa5 11. Nd4 e5 12. Nxc6 bxc6 13. Bxe5 Ne4 14. Nxe4 Qxa2 15. Qc3 Bxe5 16. Nf6+ Bxf6 17. Qxf6 Rab8 18. g4 Bd7 19. g5 Qa1+ 20. Kd2 Qxb2 21. Qxb2 Rxb2 22. Ra1 Bf5 23. Bd3 Bxd3 24. Kxd3 Rb7 25. Rhb1 Re7 26. Ra6 Rc8 27. Re1 Rcc7 28. e4 h5 29. e5 Kf8 30. f4 Ke8 31. c4 dxc4+ 32. Kxc4 Kd7 33. Rd1+ Ke6 34. Rd6+ Kf5 35. Rdxc6 Rxc6 36. Rxc6 Kxf4 37. Rf6+ Kxe5 38. Kb5 Rc7 39. Rf1 Kd5 40. Rd1+ Ke6 41. c6 Ke7 42. Re1+ Kd8 43. Kc5 Re7 44. Rb1 1/2-1/2

[Event "Glasgow op"]
[Site "Glasgow"]
[Date "2023.11.04"]
[Round "2"]
[White "Robinson, Stephen"]
[Black "Lukhi, Neev"]
[Result "0-1"]
[WhiteElo "1775"]
[BlackElo "1580"]
[PlyCount "92"]
[EventDate "2023.11.03"]
[EventType "swiss"]
[EventRounds "5"]
[EventCountry "SCO"]
[SourceTitle "CBM 217 Extra"]
[Source "ChessBase"]
[SourceDate "2024.01.31"]
[SourceVersion "1"]
[SourceVersionDate "2024.01.31"]
[SourceQuality "1"]

1. d4 d5 2. Bf4 Nf6 3. e3 c5 4. c3 Nc6 5. Bd3 e6 6. Nf3 Qb6 7. b3 cxd4 8. exd4 Bd7 9. 0-0 Nh5 10. Be3 Qc7 11. Re1 Bd6 12. Nbd2 Nf6 13. Rc1 Ng4 14. h3 Nxe3 15. Rxe3 Bf4 16. Re2 Rc8 17. Qc2 Qa5 18. Qb2 0-0 19. b4 Qc7 20. b5 Bxd2 21. Qxd2 Nb4 22. Ne5 Nxd3 23. Qxd3 f6 24. Nxd7 Qxd7 25. Rce1 Rfe8 26. f4 Qd6 27. f5 e5 28. Qg3 Qb6 29. Kh2 e4 30. a4 Qa5 31. Qd6 Red8 32. Qe7 Qxc3 33. Qxb7 Qxd4 34. Re3 Qe5+ 35. Rg3 Rc7 36. Qa6 Rc3 37. Qe6+ Qxe6 38. fxe6 Rxg3 39. Kxg3 Kf8 40. Rc1 Ke7 41. Rc7+ Kxe6 42. Rxg7 d4 43. Rxa7 d3 44. Ra6+ Kf5 45. Kf2 d2 46. g4+ Kg6 0-1

[Event "Ayr op"]
[Site "Ayr"]
[Date "2023.05.19"]
[Round "1"]
[White "Chisholm, Mike"]
[Black "Lukhi, Neev"]
[Result "1-0"]
[WhiteElo "1877"]
[BlackElo "1540"]
[PlyCount "63"]
[EventDate "2023.05.19"]
[EventType "swiss"]
[EventRounds "5"]
[EventCountry "SCO"]
[SourceTitle "EXT 2024"]
[Source "ChessBase"]
[SourceDate "2023.10.10"]
[SourceVersion "1"]
[SourceVersionDate "2023.10.10"]
[SourceQuality "1"]

1. e4 e6 2. d4 d5 3. Nc3 dxe4 4. Nxe4 Nd7 5. Nf3 Ngf6 6. Bg5 Be7 7. Nc3 0-0 8. Bd3 b6 9. Qe2 Bb7 10. Rd1 h6 11. Bc1 Bb4 12. 0-0 Bxc3 13. bxc3 Nd5 14. Qe1 Qe7 15. Bd2 N5f6 16. Qe2 c5 17. Rfe1 Rac8 18. Ne5 Nxe5 19. dxe5 Nd7 20. Qg4 f5 21. exf6 Rxf6 22. Bf4 Qf7 23. Bg3 Bc6 24. Bc4 Bd5 25. Bb5 Bc6 26. Bxc6 Rxc6 27. Qa4 e5 28. Qxa7 Rcd6 29. Qc7 Qf8 30. h3 Rxd1 31. Rxd1 Rf7 32. Rxd7 1-0

[Event "Stokes Cup"]
[Site "Cardiff"]
[Date "2022.07.19"]
[Round "1.2"]
[White "Lukhi, Neev"]
[Black "Harandi, Kamran"]
[Result "1-0"]
[WhiteElo "1340"]
[BlackElo "1162"]
[PlyCount "143"]
[EventDate "2022.07.19"]
[EventType "team-tourn"]
[EventRounds "6"]
[EventCountry "WLS"]
[SourceTitle "CBM 210 Extra"]
[Source "ChessBase"]
[SourceDate "2022.11.30"]
[SourceVersion "1"]
[SourceVersionDate "2022.11.30"]
[SourceQuality "1"]
[WhiteTeam "Scotland"]
[BlackTeam "England"]
[WhiteTeamCountry "SCO"]
[BlackTeamCountry "ENG"]

1. d4 d5 2. Bf4 Nf6 3. e3 c5 4. c3 e6 5. Nf3 Qb6 6. Qb3 c4 7. Qc2 Bd6 8. Bg3 Bxg3 9. hxg3 h6 10. Nbd2 Nc6 11. e4 dxe4 12. Nxc4 Qd8 13. Nfe5 Nxe5 14. dxe5 Nd5 15. Nd6+ Kf8 16. Qxe4 Qb6 17. Qa4 Qd8 18. 0-0-0 Bd7 19. Bb5 Bxb5 20. Qxb5 b6 21. c4 Nc7 22. Qc6 Qe7 23. Nb5 Rc8 24. Rd7 Qg5+ 25. Kb1 Qxe5 26. Rxc7 Rd8 27. Rd7 Re8 28. Qd6+ Qxd6 29. Nxd6 Rb8 30. Rxf7+ Kg8 31. Rxa7 Kh7 32. Re1 Rbf8 33. Nf7 Rhg8 34. Rxe6 Re8 35. Rxe8 Rxe8 36. Nd6 Re1+ 37. Kc2 Re2+ 38. Kc3 Rxf2 39. Rb7 Rxg2 40. Rxb6 Rxg3+ 41. Kb4 h5 42. a4 h4 43. Nf5 Rg4 44. Nxh4 Rxh4 45. a5 Rh1 46. a6 Ra1 47. Kb5 g5 48. a7 Rxa7 49. c5 g4 50. c6 g3 51. Rb7+ Rxb7+ 52. cxb7 g2 53. b8Q g1Q 54. Qc7+ Kg6 55. Qb6+ Qxb6+ 56. Kxb6 Kf7 57. Kc7 Ke6 58. b4 Kd5 59. b5 Kc5 60. b6 Kb5 61. b7 Kc4 62. b8Q Kd4 63. Qb5 Ke3 64. Qc4 Kf3 65. Kd6 Kf2 66. Qd3 Kg2 67. Ke5 Kf2 68. Kf4 Kg2 69. Qf3+ Kg1 70. Qe2 Kh1 71. Kg3 Kg1 72. Qg2# 1-0